=LDR 00000nam 2200000 4500 =001 INLIS000000000017865 =005 20130612113052 =008 ***********************************Ind** =035 ##$$0010-061300000017865 =041 ##$$a Ind =082 ##$$a 639.34 =090 ##$$a 639.34, Kun f =100 ##$$a Kuncoro, Eko Budi =245 ##$$a Frontosa ikan hias unggulan ekspor, Eko Budi Kuncoro =260 ##$$a 2004 $b Jakarta =300 ##$$a viii, 96 hlm, ilus, 20 cm =650 ##$$a Frontosa =850 ##$$a NBPNMAT =990 ##$$a 21601450/BPAP-NTB/2017